Giáo trình ngôn ngữ hệ thống A
Giáo trình ngôn ngữ hệ thống A cung cấp cho sinh viên những kiến thức cơ bản về lập trình hệ thống trên máy tính thông qua ngôn ngữ lập trình C và hợp ngữ (Assmbly).
Bewaard in:
| Hoofdauteur: | |
|---|---|
| Formaat: | Boek |
| Taal: | Undetermined |
| Gepubliceerd in: |
Cần Thơ
Trường đại học Cần Thơ
2006
|
| Onderwerpen: | |
| Tags: |
Voeg label toe
Geen labels, Wees de eerste die dit record labelt!
|
| Thư viện lưu trữ: | Trung tâm Học liệu Trường Đại học Cần Thơ |
|---|
| LEADER | 00913nam a2200193Ia 4500 | ||
|---|---|---|---|
| 001 | CTU_126871 | ||
| 008 | 210402s9999 xx 000 0 und d | ||
| 082 | |a 005.34 | ||
| 082 | |b Kh106/A | ||
| 100 | |a Nguyễn, Hứa Duy Khang | ||
| 245 | 0 | |a Giáo trình ngôn ngữ hệ thống A | |
| 245 | 0 | |c Nguyễn Hứa Duy Khang, Trần Hữu Danh | |
| 260 | |a Cần Thơ | ||
| 260 | |b Trường đại học Cần Thơ | ||
| 260 | |c 2006 | ||
| 520 | |a Giáo trình ngôn ngữ hệ thống A cung cấp cho sinh viên những kiến thức cơ bản về lập trình hệ thống trên máy tính thông qua ngôn ngữ lập trình C và hợp ngữ (Assmbly). | ||
| 650 | |a assembly ( computer programs ),programming languages ( electronic computers ),Assembly | ||
| 904 | |i Năm | ||
| 980 | |a Trung tâm Học liệu Trường Đại học Cần Thơ | ||